000
00361nam a22001577a 4500
003
MPLRDC
005
20220104124847.0
008
210129b ||||| |||| 00| 0 eng d
082
_a
848.1 LS-3 c.6
100
_a
老舍著
245
_a
骆驼祥子
_c
260
_a
_b
学林书店
_c
300
_b
平
650
_a
现代别集
942
_c
BK
_o
848.1 LS-3 c.6
999
_c
22733
_d
22723